| 000 | 00830nam a22002297a 4500 | ||
|---|---|---|---|
| 005 | 20251108164011.0 | ||
| 008 | 250721s9999 xx 000 0 ara d | ||
| 082 | 1 | 4 | _a216,32/اشق |
| 100 | 1 | _aالأشقر، محمد سليمان | |
| 245 | 1 | 0 |
_aبيع المرابحة كما تجربة البنوك الإسلامية : _bعقد السلم و عقد الأستصناع و إمكانية إستفادة البنوك الإسلامية منها / |
| 250 | _aط 2 | ||
| 264 | 1 |
_aعمان : _bدار النفائس، _c[19-]. |
|
| 300 | _a87ص | ||
| 490 | 0 | _aأبحاث أقتصادية شرعية | |
| 650 | 1 | 7 | _aالإسلام |
| 650 | 1 | 7 | _aالفقه |
| 650 | 1 | 7 | _aالمعاملات (فقه إسلامي) |
| 650 | 1 | 7 | _aالبيوع |
| 650 | 1 | 7 | _aالبنوك الإسلامية |
| 942 |
_2ddc _cBK |
||
| 999 |
_c1108 _d1108 |
||